000 00269nam a2200109Ia 4500
008 190216s9999||||xx |||||||||||||| ||und||
100 _aSrinivasan R
245 0 _aInternational Marketing
260 _bCalicut University Publications
_c2003
300 _a184p
942 _cBK
999 _c6273
_d6273